Porul Veli (Record no. 6037)
[ view plain ]
| 000 -LEADER | |
|---|---|
| fixed length control field | 00366nam a22001577a 4500 |
| 005 - DATE AND TIME OF LATEST TRANSACTION | |
| control field | 20250509061156.0 |
| 008 - FIXED-LENGTH DATA ELEMENTS--GENERAL INFORMATION | |
| fixed length control field | 250509b |||||||| |||| 00| 0 eng d |
| 020 ## - INTERNATIONAL STANDARD BOOK NUMBER | |
| ISBN | 9789559824169 |
| 082 ## - DDC Classification | |
| DDC Edition Number | 22 |
| Class No. | 891 |
| Item Number - Author Mark | POO |
| 100 ## - MAIN ENTRY--PERSONAL NAME | |
| Personal name | Haq, Abdul Lareena |
| 245 ## - TITLE STATEMENT | |
| Title | Porul Veli |
| 260 ## - PUBLICATION, DISTRIBUTION, ETC. | |
| Name of publisher, distributor, etc. | Author |
| Date of publication, distribution, etc. | 2012 |
| 300 ## - PHYSICAL DESCRIPTION | |
| Extent (e.g. Volumes, Pages etc.) | XX, 196 p ., |
| 500 ## - GENERAL NOTE | |
| General note | Research Articles |
| 942 ## - Koha item type (Biblio) | |
| Koha item type | Books in Stacks (Lending) |
| Lost status | Damaged status | Collection code | Home library | Current library | Date acquired | Full call number | Accession Number | Item type |
|---|---|---|---|---|---|---|---|---|
| Lending | WERC Library | WERC Library | 05/09/2025 | 891 POO | 6900 | Books in Stacks (Lending) |
